Bollinger bands (Bollingerova pásma)

Bollingerove pásma ako obľúbený nástroj technických analytikov a forex obchodníkov. Charakteristika Bollingerových pásiem. Využitie BB.

Salvato in:
Dettagli Bibliografici
Autore principale: Badura, Peter, 1978-
Natura: Capitolo di libro
Lingua:ceco
Soggetti:
Tags: Aggiungi Tag
Nessun Tag, puoi essere il primo ad aggiungerne!!

MARC

LEADER 00000nla a2200000 4500
001 0198892
005 20240717103129.1
041 0 |a cze 
044 |a CZ 
245 1 0 |a Bollinger bands (Bollingerova pásma)  |c Peter Badura 
520 |a Bollingerove pásma ako obľúbený nástroj technických analytikov a forex obchodníkov. Charakteristika Bollingerových pásiem. Využitie BB. 
610 2 0 |a trh devízový 
610 2 0 |a makléri 
610 2 0 |a nákup 
610 2 0 |a predaj 
610 2 0 |a ceny 
100 1 |a Badura, Peter, 1978-